[Event "6MCR_4D_2L_3S"]
[Site "?"]
[Date "2004.??.??"]
[Round "?"]
[White "Paganik, Pavel"]
[Black "Hrubcik, Martin"]
[Result "1/2-1/2"]
[WhiteElo "2047"]
[BlackElo "2050"]
[PlyCount "80"]
[EventDate "2004.??.??"]
[EventType "corr"]
[SourceDate "2004.06.03"]

1. e4 c6 2. d4 d5 3. Nc3 dxe4 4. Nxe4 Nd7 5. Bc4 Ngf6 6. Ng5 e6 7. Qe2 Nb6 8.
Bd3 h6 9. N5f3 c5 10. dxc5 Bxc5 11. Ne5 Nbd7 12. Ngf3 Qc7 13. O-O O-O 14. Bd2
Bd6 15. Nxd7 Bxd7 16. Rfe1 Rfd8 17. Rad1 Bc6 18. h3 Rac8 19. c4 Bxf3 20. Qxf3
Be5 21. b4 Rd7 22. Bf1 Rcd8 23. Be3 Bd4 24. Bxd4 Rxd4 25. Rxd4 Rxd4 26. Rd1
Rxd1 27. Qxd1 e5 28. a3 b6 29. Qf3 Qc8 30. Bd3 e4 31. Bxe4 Qxc4 32. Bd3 Qc8 33.
Bf5 Qc1+ 34. Kh2 Qc7+ 35. g3 Kf8 36. Kg2 a5 37. Bd3 Qd6 38. bxa5 bxa5 39. Qa8+
Ke7 40. Qb7+ Qd7 1/2-1/2

[Event "6MCR_4D_2L_3S"]
[Site "?"]
[Date "2004.??.??"]
[Round "?"]
[White "Paganik, Pavel"]
[Black "Necesany, Zdenek"]
[Result "0-1"]
[WhiteElo "2047"]
[BlackElo "2208"]
[PlyCount "89"]
[EventDate "2004.??.??"]
[EventType "corr"]
[SourceDate "2004.06.03"]

1. e4 c5 2. Nf3 Nc6 3. d4 cxd4 4. Nxd4 Qc7 5. c3 Nf6 6. Bd3 e6 7. O-O a6 8. Be3
d5 9. Nd2 Bd7 10. f4 dxe4 11. Nxe4 Nd5 12. Qd2 O-O-O 13. b4 Nxe3 14. Qxe3 Ne7
15. b5 Nd5 16. Qf2 axb5 17. Rab1 Nxf4 18. Bxb5 e5 19. Bxd7+ Rxd7 20. Nb5 Nd3
21. Qf3 Qb6+ 22. Nd4 Nb2 23. Rf2 Ba3 24. Nc2 Rhd8 25. h3 Rd1+ 26. Rxd1 Nxd1 27.
Nxa3 Nxf2 28. Nxf2 f6 29. Qe2 Qc5 30. Nb5 g6 31. a4 f5 32. Kh1 e4 33. Nd1 Rd3
34. Nb2 Rd7 35. c4 Qe5 36. Qe3 Kd8 37. Nc3 Qd4 38. Nbd1 Qxc4 39. Qe1 Kc8 40.
Ne3 Qb4 41. Qa1 Qd4 42. Qe1 f4 43. Nf1 e3 44. Nh2 Qb4 45. Qa1 0-1

[Event "6MCR_4D_2L_3S"]
[Site "?"]
[Date "2004.??.??"]
[Round "?"]
[White "Paganik, Pavel"]
[Black "Omamik, Pavel"]
[Result "1-0"]
[WhiteElo "2047"]
[BlackElo "2000"]
[PlyCount "83"]
[EventDate "2004.??.??"]
[EventType "corr"]
[SourceDate "2004.06.03"]

1. e4 c5 2. Nf3 d6 3. d4 cxd4 4. Nxd4 Nf6 5. Nc3 g6 6. Be3 Bg7 7. f3 O-O 8. Qd2
Nc6 9. Bc4 Bd7 10. O-O-O Rc8 11. Bb3 Ne5 12. h4 h5 13. Bg5 Rc5 14. g4 hxg4 15.
f4 Nc4 16. Qe2 Qc8 17. Bxf6 Bxf6 18. Nd5 Rxd5 19. exd5 b5 20. h5 g5 21. fxg5
Bxg5+ 22. Kb1 f5 23. h6 Kh8 24. Rh5 Bf6 25. c3 f4 26. Qe4 f3 27. Bc2 Rf7 28.
Ne6 Ne5 29. Nf4 a5 30. Rxe5 dxe5 31. Ng6+ Kg8 32. Nxe7+ Bxe7 33. Qg6+ Kf8 34.
d6 Bh4 35. h7 Rxh7 36. Qxh7 Bf6 37. Qh6+ Bg7 38. Qg5 Qe8 39. Bf5 f2 40. Rf1 g3
41. Bxd7 Qxd7 42. Qxg3 1-0

[Event "6MCR_4D_2L_3S"]
[Site "?"]
[Date "2004.??.??"]
[Round "?"]
[White "Paganik, Pavel"]
[Black "Privoznik, Lubos"]
[Result "1/2-1/2"]
[WhiteElo "2047"]
[BlackElo "2313"]
[PlyCount "114"]
[EventDate "2004.??.??"]
[EventType "corr"]
[SourceDate "2004.06.03"]

1. e4 c5 2. Nf3 Nc6 3. d4 cxd4 4. Nxd4 Nf6 5. Nc3 e5 6. Ndb5 Bb4 7. a3 Bxc3+ 8.
Nxc3 O-O 9. Bg5 h6 10. Bh4 d6 11. Nd5 g5 12. Nxf6+ Qxf6 13. Bg3 Be6 14. h4 g4
15. Bd3 Rac8 16. O-O Qg6 17. c3 Na5 18. Qe2 h5 19. Rad1 Rfd8 20. Kh2 Kh7 21.
Rfe1 Bb3 22. Rd2 Qh6 23. Bc2 Bxc2 24. Rxc2 Qg6 25. Rd2 Nb3 26. Rd5 Nc5 27. Qe3
a6 28. Re2 b5 29. f4 gxf3 30. gxf3 Re8 31. Rg2 Rg8 32. Qg5 Qxg5 33. hxg5 Rxg5
34. Rxd6 Rcg8 35. Rg1 a5 36. Bf2 Ne6 37. Rxg5 Nxg5 38. Rf6 Kg7 39. Rf5 f6 40.
Kg1 Nh3+ 41. Kf1 Kg6 42. Be3 Rd8 43. f4 Nxf4 44. Bxf4 exf4 45. Rxb5 Rd2 46.
Rxa5 Rxb2 47. Rf5 Rc2 48. a4 Rxc3 49. Kf2 Rc4 50. Kf3 Rxa4 51. Kxf4 Ra1 52. Rb5
Rf1+ 53. Kg3 Rg1+ 54. Kf4 h4 55. Rb8 Rg5 56. Rb3 Rg1 57. Rb8 Rg5 1/2-1/2

[Event "6MCR_4D_2L_3S"]
[Site "?"]
[Date "2004.??.??"]
[Round "?"]
[White "Paganik, Pavel"]
[Black "Simunek, Jiri"]
[Result "0-1"]
[WhiteElo "2047"]
[BlackElo "2000"]
[PlyCount "68"]
[EventDate "2004.??.??"]
[EventType "corr"]
[SourceDate "2004.06.03"]

1. e4 e6 2. d4 d5 3. e5 c5 4. c3 Nc6 5. Nf3 Bd7 6. Bd3 cxd4 7. cxd4 Qb6 8. O-O
Nxd4 9. Nxd4 Qxd4 10. Nc3 a6 11. Qe2 Ne7 12. Kh1 Nc6 13. f4 Nb4 14. Rd1 Nxd3
15. Rxd3 Qc4 16. b3 Qb4 17. Bd2 Qe7 18. f5 Bc6 19. Be3 h5 20. fxe6 Qxe6 21.
Rad1 Qxe5 22. Nxd5 Bd6 23. Nf6+ gxf6 24. Rxd6 Rg8 25. Rxc6 bxc6 26. Re1 Qb5 27.
Qd2 Qd5 28. Bf4+ Kd7 29. Qf2 Rge8 30. Rc1 Re4 31. h4 Rg8 32. Bg3 f5 33. Qa7+
Ke6 34. Qf2 Rgg4 0-1

[Event "6MCR_4D_2L_3S"]
[Site "?"]
[Date "2004.??.??"]
[Round "?"]
[White "Paganik, Pavel"]
[Black "Splichal, Josef"]
[Result "1/2-1/2"]
[WhiteElo "2047"]
[BlackElo "2210"]
[PlyCount "144"]
[EventDate "2004.??.??"]
[EventType "corr"]
[SourceDate "2004.06.03"]

1. e4 e5 2. Nf3 Nc6 3. Bb5 a6 4. Ba4 Nf6 5. O-O Be7 6. Qe2 b5 7. Bb3 d6 8. a4
Bg4 9. c3 O-O 10. h3 Na5 11. Bc2 Be6 12. axb5 axb5 13. d4 c5 14. dxe5 Bc4 15.
Bd3 dxe5 16. Nxe5 Bxd3 17. Nxd3 c4 18. Nb4 Nb3 19. Rxa8 Qxa8 20. Bg5 Re8 21.
Bxf6 Bxf6 22. Re1 Nc5 23. Nd2 Bg5 24. f3 Rd8 25. Rd1 Nd3 26. Nxd3 cxd3 27. Qf2
Qa4 28. Rc1 b4 29. f4 bxc3 30. bxc3 Be7 31. Kh2 Qa3 32. Qe1 Bc5 33. Nf3 Bf2 34.
Qd2 Qc5 35. Nd4 Bxd4 36. cxd4 Qxd4 37. e5 h5 38. Kg3 Qe4 39. Kf2 Qd4+ 40. Qe3
Qa4 41. Qd2 Qd4+ 42. Qe3 Qa4 43. Qd2 Qa7+ 44. Qe3 Qa2+ 45. Kg1 Qa4 46. Qd2 Qd4+
47. Qf2 Qa4 48. Qd2 Qe4 49. Re1 Qd4+ 50. Kh2 Rc8 51. Rd1 Rd8 52. Re1 Rb8 53.
Rd1 Rb3 54. Kh1 Ra3 55. Qc1 Rc3 56. Qb2 Qa4 57. Qd2 Qd4 58. Qb2 Qa4 59. Qd2 Ra3
60. Kh2 Qd4 61. Re1 Qd5 62. Rc1 Ra8 63. Rc3 Rd8 64. Rc1 Qe4 65. Re1 Qf5 66. Qe3
h4 67. Rd1 Rd5 68. Kg1 Rd7 69. Rd2 g6 70. Kh2 Rd8 71. g4 hxg3+ 72. Kxg3 Kg7
1/2-1/2

[Event "6MCR_4D_2L_3S"]
[Site "?"]
[Date "2004.??.??"]
[Round "?"]
[White "Privoznik, Lubos"]
[Black "Hrubcik, Martin"]
[Result "1/2-1/2"]
[WhiteElo "2313"]
[BlackElo "2050"]
[PlyCount "92"]
[EventDate "2004.??.??"]
[EventType "corr"]
[SourceDate "2004.06.03"]

1. d4 d5 2. c4 c6 3. Nc3 Nf6 4. cxd5 cxd5 5. Bf4 Nc6 6. e3 Bf5 7. Bb5 a6 8.
Bxc6+ bxc6 9. Nf3 Qb6 10. Qe2 Nh5 11. Be5 f6 12. Nh4 Bg6 13. Bg3 Bf7 14. O-O
Nxg3 15. fxg3 Ra7 16. Rac1 e6 17. Qd2 Qa5 18. Qc2 Bb4 19. a3 Bxc3 20. Qxc3 Qxc3
21. Rxc3 Kd7 22. g4 h6 23. Nf3 Kd6 24. Rfc1 Rc8 25. b3 a5 26. Kf2 Ra6 27. Nd2
Rh8 28. h3 e5 29. Rc5 Be6 30. R5c3 Rb8 31. Rd3 Kc7 32. e4 dxe4 33. Nxe4 Rxb3
34. Rd2 Rab6 35. Nc5 Rb2 36. Nxe6+ Kd6 37. dxe5+ Kxe6 38. Rxc6+ Rxc6 39. Rxb2
fxe5 40. Rb7 Rc2+ 41. Kg3 g5 42. Rb6+ Kd5 43. Rxh6 Ra2 44. Rg6 Rxa3+ 45. Kh2
Rb3 46. Rxg5 Rb8 1/2-1/2

[Event "6MCR_4D_2L_3S"]
[Site "?"]
[Date "2004.??.??"]
[Round "?"]
[White "Privoznik, Lubos"]
[Black "Necesany, Zdenek"]
[Result "1-0"]
[WhiteElo "2313"]
[BlackElo "2208"]
[PlyCount "69"]
[EventDate "2004.??.??"]
[EventType "corr"]
[SourceDate "2004.06.03"]

1. e4 c5 2. Nf3 Nc6 3. Nc3 Nf6 4. Bb5 Qc7 5. O-O Nd4 6. Re1 a6 7. e5 Nxb5 8.
exf6 Nxc3 9. fxg7 Bxg7 10. dxc3 d6 11. Qd5 h6 12. Qh5 e5 13. Nh4 Be6 14. Nf5
Bf6 15. Qf3 Rg8 16. g3 Bxf5 17. Qxf5 Rg6 18. Be3 Qd7 19. Qh5 Bg7 20. Rad1 Qc6
21. Re2 Rd8 22. f4 c4 23. f5 Rf6 24. Bf2 Qb5 25. Qf3 Qxb2 26. g4 Qb5 27. h4 Qc6
28. Re4 d5 29. Rxe5+ Kf8 30. g5 hxg5 31. hxg5 Rfd6 32. Re2 Re8 33. Rxe8+ Kxe8
34. Re1+ Kd8 35. Bg3 1-0

[Event "6MCR_4D_2L_3S"]
[Site "?"]
[Date "2004.??.??"]
[Round "?"]
[White "Privoznik, Lubos"]
[Black "Omamik, Pavel"]
[Result "1-0"]
[WhiteElo "2313"]
[BlackElo "2000"]
[PlyCount "59"]
[EventDate "2004.??.??"]
[EventType "corr"]
[SourceDate "2004.06.03"]

1. e4 c5 2. Nf3 Nc6 3. Bb5 g6 4. Bxc6 dxc6 5. d3 Bg7 6. h3 Nf6 7. Nc3 O-O 8.
Be3 b6 9. Qd2 e5 10. Bh6 Qd6 11. g4 a5 12. a3 Nd7 13. Bxg7 Kxg7 14. Qe3 f6 15.
h4 b5 16. g5 b4 17. Ne2 bxa3 18. Rxa3 c4 19. h5 Qb4+ 20. Nd2 Qxb2 21. hxg6 hxg6
22. gxf6+ Rxf6 23. Qh6+ Kf7 24. Qh8 Nf8 25. Nxc4 Qb1+ 26. Kd2 Qb4+ 27. Rc3 Qe7
28. f4 Ke8 29. Rh7 Qxh7 30. Qxf6 1-0

[Event "6MCR_4D_2L_3S"]
[Site "?"]
[Date "2004.??.??"]
[Round "?"]
[White "Privoznik, Lubos"]
[Black "Paganik, Pavel"]
[Result "1-0"]
[WhiteElo "2313"]
[BlackElo "2047"]
[PlyCount "73"]
[EventDate "2004.??.??"]
[EventType "corr"]
[SourceDate "2004.06.03"]

1. d4 Nf6 2. c4 g6 3. g3 Bg7 4. Bg2 O-O 5. Nc3 d6 6. Nf3 Nbd7 7. O-O e5 8. e4
c6 9. b3 exd4 10. Nxd4 Re8 11. h3 Nc5 12. Re1 a5 13. Bf4 h6 14. Qc2 g5 15. Be3
g4 16. h4 Qc7 17. Rad1 Ra6 18. Nf5 Bxf5 19. exf5 Kh7 20. Bf4 Rxe1+ 21. Rxe1 Ra8
22. a3 Bf8 23. b4 axb4 24. axb4 Na6 25. Ne4 Qd8 26. b5 Nb4 27. Qd1 Nxe4 28.
Bxe4 d5 29. cxd5 Nxd5 30. f6+ Kh8 31. Qxg4 Nxf6 32. Be5 Bg7 33. Qf4 Qe7 34.
bxc6 bxc6 35. Bc3 Qd8 36. Re3 Kg8 37. Rf3 1-0

[Event "6MCR_4D_2L_3S"]
[Site "?"]
[Date "2004.??.??"]
[Round "?"]
[White "Privoznik, Lubos"]
[Black "Simunek, Jiri"]
[Result "1/2-1/2"]
[WhiteElo "2313"]
[BlackElo "2000"]
[PlyCount "88"]
[EventDate "2004.??.??"]
[EventType "corr"]
[SourceDate "2004.06.03"]

1. e4 e6 2. d4 d5 3. Nd2 c5 4. Ngf3 Nc6 5. exd5 exd5 6. Bb5 cxd4 7. Nxd4 Bd7 8.
N2f3 Nf6 9. O-O Be7 10. Re1 O-O 11. Bg5 h6 12. Bh4 Re8 13. Bxc6 bxc6 14. Ne5 c5
15. Nec6 Bxc6 16. Nxc6 Qd6 17. Nxe7+ Rxe7 18. Rxe7 Qxe7 19. f3 Rb8 20. Rb1 d4
21. Qd2 Qe6 22. Re1 Qb6 23. b3 Nd5 24. Bg3 Rd8 25. Qd3 Qa5 26. a4 Qb4 27. Kf1
a6 28. Re5 Qa3 29. Bh4 Nf4 30. Qd2 Ng6 31. Bxd8 Nxe5 32. Bc7 Nc6 33. Bd6 Nd8
34. Kf2 Ne6 35. f4 g6 36. f5 gxf5 37. Qxh6 Qa2 38. Qd2 c4 39. bxc4 Qxc4 40. a5
Qd5 41. Bb4 Qe5 42. Kg1 Nf4 43. g3 Ne6 44. Qd3 Qe4 1/2-1/2

[Event "6MCR_4D_2L_3S"]
[Site "?"]
[Date "2004.??.??"]
[Round "?"]
[White "Privoznik, Lubos"]
[Black "Splichal, Josef"]
[Result "1/2-1/2"]
[WhiteElo "2313"]
[BlackElo "2210"]
[PlyCount "50"]
[EventDate "2004.??.??"]
[EventType "corr"]
[SourceDate "2004.06.03"]

1. e4 e5 2. Nf3 Nc6 3. Bb5 a6 4. Ba4 Nf6 5. O-O Be7 6. Re1 b5 7. Bb3 O-O 8. c3
d6 9. h3 Na5 10. Bc2 c5 11. d4 Bb7 12. Nbd2 exd4 13. cxd4 Re8 14. Nf1 d5 15. e5
Ne4 16. Ne3 cxd4 17. Nxd5 Bxd5 18. Bxe4 Bxe4 19. Rxe4 Nc6 20. Qb3 Qd7 21. Bf4
Qf5 22. e6 Qxe4 23. exf7+ Kh8 24. fxe8=Q+ Rxe8 25. Bd2 Rd8 1/2-1/2

[Event "6MCR_4D_2L_3S"]
[Site "?"]
[Date "2004.??.??"]
[Round "?"]
[White "Simunek, Jiri"]
[Black "Hrubcik, Martin"]
[Result "1/2-1/2"]
[WhiteElo "2000"]
[BlackElo "2050"]
[PlyCount "85"]
[EventDate "2004.??.??"]
[EventType "corr"]
[SourceDate "2004.06.03"]

1. d4 Nf6 2. c4 e6 3. Nc3 c6 4. e4 Bb4 5. Bd3 d5 6. cxd5 exd5 7. e5 Ne4 8. Nge2
O-O 9. O-O Nxc3 10. bxc3 Ba5 11. Qc2 h6 12. Ng3 Re8 13. f4 c5 14. dxc5 Nc6 15.
Bd2 Rb8 16. Rab1 Qc7 17. Be3 Be6 18. Nf5 Bxf5 19. Bxf5 b6 20. Rfd1 Red8 21. Bg4
Ne7 22. Bf3 bxc5 23. Rxb8 Qxb8 24. Bxc5 Bb6 25. Bd4 Qc7 26. Qd3 Rc8 27. Rb1 Ng6
28. Bxb6 axb6 29. Rb4 Ne7 30. a4 g5 31. Rb5 gxf4 32. Qd4 Ng6 33. Kf1 Nxe5 34.
Bxd5 Ng4 35. Rxb6 Ne3+ 36. Kf2 Nf5 37. Qb4 Qd8 38. c4 Ne3 39. Rg6+ Kh7 40. Rd6
Qh4+ 41. Kg1 Nxd5 42. Rxd5 Re8 43. Qb1+ 1/2-1/2

[Event "6MCR_4D_2L_3S"]
[Site "?"]
[Date "2004.??.??"]
[Round "?"]
[White "Simunek, Jiri"]
[Black "Necesany, Zdenek"]
[Result "1/2-1/2"]
[WhiteElo "2000"]
[BlackElo "2208"]
[PlyCount "67"]
[EventDate "2004.??.??"]
[EventType "corr"]
[SourceDate "2004.06.03"]

1. d4 Nf6 2. c4 c5 3. d5 e5 4. Nc3 d6 5. e4 g6 6. Bd3 Bg7 7. Nge2 O-O 8. f3 Nh5
9. Be3 f5 10. exf5 gxf5 11. Qd2 a6 12. O-O-O b5 13. Ng3 Qe8 14. Nxf5 Bxf5 15.
Bxf5 Rxf5 16. g4 Rxf3 17. gxh5 Qxh5 18. Rhg1 Qf5 19. Qg2 Ra7 20. Rdf1 Rxf1+ 21.
Rxf1 Qg6 22. Qh3 Rd7 23. Rg1 Qe8 24. cxb5 axb5 25. Nxb5 Kh8 26. Bh6 Bf8 27. Kb1
Qf7 28. Bxf8 Qxf8 29. Rf1 Rf7 30. Rxf7 Qxf7 31. Qc8+ Kg7 32. Qxb8 Qf5+ 33. Kc1
Qf4+ 34. Kc2 1/2-1/2

[Event "6MCR_4D_2L_3S"]
[Site "?"]
[Date "2004.??.??"]
[Round "?"]
[White "Simunek, Jiri"]
[Black "Omamik, Pavel"]
[Result "1-0"]
[WhiteElo "2000"]
[BlackElo "2000"]
[PlyCount "81"]
[EventDate "2004.??.??"]
[EventType "corr"]
[SourceDate "2004.06.03"]

1. d4 Nf6 2. c4 g6 3. Nc3 Bg7 4. e4 d6 5. Nf3 O-O 6. Be2 e5 7. d5 a5 8. Bg5 h6
9. Bh4 Na6 10. Nd2 Qe8 11. O-O Nh7 12. a3 h5 13. f3 Bd7 14. b3 Bh6 15. Kh1 Qb8
16. Qc2 Be3 17. Rae1 Qa7 18. Nd1 Bc5 19. Qc1 Kg7 20. Bf2 f6 21. Qc3 Qb8 22.
Bxc5 Nxc5 23. Nb2 b6 24. Qe3 Qd8 25. b4 Nb7 26. Nd3 axb4 27. axb4 Ng5 28. f4
exf4 29. Nxf4 Qe8 30. h4 Nh7 31. Qg3 Kh6 32. Ra1 Qf7 33. Bd3 Rxa1 34. Rxa1 Rb8
35. e5 dxe5 36. Nxg6 Rg8 37. Ra7 Bc8 38. c5 bxc5 39. Qe3+ Kg7 40. bxc5 Qxd5 41.
Bc4 1-0

[Event "6MCR_4D_2L_3S"]
[Site "?"]
[Date "2004.??.??"]
[Round "?"]
[White "Simunek, Jiri"]
[Black "Paganik, Pavel"]
[Result "1/2-1/2"]
[WhiteElo "2000"]
[BlackElo "2047"]
[PlyCount "90"]
[EventDate "2004.??.??"]
[EventType "corr"]
[SourceDate "2004.06.03"]

1. d4 Nf6 2. c4 g6 3. Nc3 Bg7 4. e4 O-O 5. e5 Ne8 6. f4 d6 7. Be3 f6 8. Nf3
fxe5 9. dxe5 Nc6 10. c5 Kh8 11. Bb5 Bg4 12. O-O Bxf3 13. Qxf3 Nxe5 14. Qh3 Nc6
15. Rad1 Qc8 16. Qg3 Nf6 17. h3 a6 18. Ba4 Qf5 19. Qf3 Rab8 20. Rfe1 Qd7 21.
Bb3 e5 22. fxe5 Nxe5 23. Qg3 Rbe8 24. Re2 Nh5 25. Qh4 Nc6 26. cxd6 cxd6 27. Qe1
Be5 28. Rf2 Bf4 29. Nd5 Bxe3 30. Nxe3 Qe7 31. Rxf8+ Rxf8 32. Qc3+ Ne5 33. Ng4
Nf6 34. Nxf6 Rxf6 35. Bd5 Qd8 36. a4 a5 37. Qe3 b6 38. Rb1 Qc7 39. Rc1 Qd8 40.
Rb1 Rf5 41. b4 Nd7 42. Bc6 Re5 43. Qd4 Nf8 44. bxa5 bxa5 45. Bf3 Qc7 1/2-1/2

[Event "6MCR_4D_2L_3S"]
[Site "?"]
[Date "2004.??.??"]
[Round "?"]
[White "Simunek, Jiri"]
[Black "Privoznik, Lubos"]
[Result "0-1"]
[WhiteElo "2313"]
[BlackElo "2000"]
[PlyCount "56"]
[EventDate "2004.??.??"]
[EventType "corr"]
[SourceDate "2004.06.03"]

1. d4 Nf6 2. c4 e6 3. Nc3 Bb4 4. Qc2 O-O 5. a3 Bxc3+ 6. Qxc3 b6 7. Bg5 Ba6 8.
e3 d6 9. Bd3 Nbd7 10. Ne2 Rc8 11. Qc2 h6 12. Bh4 c5 13. Qa4 Bb7 14. O-O a6 15.
Nc3 Qc7 16. Rfc1 cxd4 17. exd4 e5 18. Qd1 exd4 19. Ne2 d5 20. Nxd4 dxc4 21.
Bxc4 Qf4 22. Bg3 Qg5 23. Nf3 Qh5 24. Be2 Nc5 25. Ne5 Qf5 26. Nc4 Qe6 27. Nd6
Rcd8 28. Nc4 Rxd1+ 0-1

[Event "6MCR_4D_2L_3S"]
[Site "?"]
[Date "2004.??.??"]
[Round "?"]
[White "Simunek, Jiri"]
[Black "Splichal, Josef"]
[Result "0-1"]
[WhiteElo "2000"]
[BlackElo "2210"]
[PlyCount "60"]
[EventDate "2004.??.??"]
[EventType "corr"]
[SourceDate "2004.06.03"]

1. d4 Nf6 2. c4 c5 3. d5 e6 4. Nc3 exd5 5. cxd5 d6 6. Nf3 g6 7. e4 Bg7 8. Be2
O-O 9. O-O Re8 10. Nd2 Nbd7 11. a4 Ne5 12. Qc2 Bd7 13. f4 Neg4 14. Nc4 Nxe4 15.
Nxe4 Bd4+ 16. Nf2 Nxf2 17. Rxf2 Qh4 18. Bf1 Re1 19. Be3 Rxa1 20. Bxd4 cxd4 21.
Nxd6 Qe7 22. Qc7 d3 23. h3 Rf8 24. b3 b5 25. axb5 Qe1 26. Nc4 Bxb5 27. Nd2 Ra2
28. Qc3 Re8 29. f5 Rc2 30. Qa5 Qe3 0-1

[Event "6MCR_4D_2L_3S"]
[Site "?"]
[Date "2004.??.??"]
[Round "?"]
[White "Splichal, Josef"]
[Black "Hrubcik, Martin"]
[Result "1/2-1/2"]
[WhiteElo "2210"]
[BlackElo "2050"]
[PlyCount "91"]
[EventDate "2004.??.??"]
[EventType "corr"]
[SourceDate "2004.06.03"]

1. e4 c6 2. d4 d5 3. exd5 cxd5 4. c3 Nf6 5. Nf3 Bf5 6. Qb3 Qc8 7. Nh4 Bd7 8.
Bf4 e6 9. Be2 a5 10. O-O a4 11. Qc2 Nc6 12. Qd3 h6 13. Nf3 Nh5 14. Be3 Bd6 15.
Ne5 Bxe5 16. dxe5 Nxe5 17. Qd4 Nc6 18. Qh4 Nf6 19. Qg3 Kf8 20. Na3 Ne4 21. Qf3
Qd8 22. Rad1 Qh4 23. Bf4 Ne7 24. Nc4 Bc6 25. Ne5 f6 26. Nxc6 bxc6 27. Bd3 Kf7
28. Rfe1 f5 29. g3 Qf6 30. Qh5+ g6 31. Qe2 e5 32. Be3 Rhb8 33. f3 Nd6 34. Bxh6
g5 35. Qxe5 Ng6 36. Qe3 f4 37. Qd4 Rxb2 38. Qxf6+ Kxf6 39. Bxg6 Rh8 40. Rb1
Rxb1 41. Bxb1 Rxh6 42. Bc2 a3 43. Ba4 Nc4 44. Bxc6 Ne3 45. Rb1 Ke5 46. Be8
1/2-1/2

[Event "6MCR_4D_2L_3S"]
[Site "?"]
[Date "2004.??.??"]
[Round "?"]
[White "Splichal, Josef"]
[Black "Necesany, Zdenek"]
[Result "1/2-1/2"]
[WhiteElo "2210"]
[BlackElo "2208"]
[PlyCount "73"]
[EventDate "2004.??.??"]
[EventType "corr"]
[SourceDate "2004.06.03"]

1. e4 c5 2. Nf3 Nc6 3. d4 cxd4 4. Nxd4 Qc7 5. Nc3 e6 6. Be2 a6 7. Be3 Nf6 8.
O-O Be7 9. f4 d6 10. Qe1 O-O 11. Nxc6 bxc6 12. Qg3 d5 13. Bd3 c5 14. e5 Nd7 15.
Na4 c4 16. Be2 f6 17. b3 fxe5 18. fxe5 Qxe5 19. Rxf8+ Bxf8 20. Qxe5 Nxe5 21.
Nb6 Rb8 22. bxc4 Nxc4 23. Nxc4 dxc4 24. Bxc4 Be7 25. Bb3 Kf7 26. Rf1+ Bf6 27.
c4 Ke8 28. Rd1 Bd7 29. Rd6 Bc8 30. c5 Ke7 31. g3 h6 32. Kf2 Be5 33. Rb6 Rxb6
34. cxb6 Kd6 35. a4 Bb7 36. Bc1 Bc3 37. h4 1/2-1/2

[Event "6MCR_4D_2L_3S"]
[Site "?"]
[Date "2004.??.??"]
[Round "?"]
[White "Splichal, Josef"]
[Black "Omamik, Pavel"]
[Result "1-0"]
[WhiteElo "2210"]
[BlackElo "2000"]
[PlyCount "79"]
[EventDate "2004.??.??"]
[EventType "corr"]
[SourceDate "2004.06.03"]

1. e4 c5 2. Nf3 Nc6 3. d4 cxd4 4. Nxd4 Nf6 5. Nc3 e5 6. Ndb5 d6 7. Bg5 a6 8.
Na3 b5 9. Bxf6 gxf6 10. Nd5 Bg7 11. Bd3 Ne7 12. Nxe7 Qxe7 13. c4 f5 14. O-O O-O
15. cxb5 d5 16. exd5 e4 17. Qe2 Qb4 18. Bc4 Qxb2 19. Nc2 axb5 20. Rab1 Qf6 21.
Rxb5 f4 22. Qd2 Bd7 23. Rb7 Rfd8 24. Re1 Qf5 25. d6 Rac8 26. Rc7 Be5 27. Bd5 e3
28. fxe3 Rxc7 29. dxc7 Bxc7 30. e4 Qf6 31. Qe2 Be6 32. Rd1 Qg6 33. Ne1 Bg4 34.
Nf3 Qh5 35. a4 Rb8 36. Rc1 Bb6+ 37. Kh1 Be3 38. Rf1 Rc8 39. a5 Rc3 40. a6 1-0

[Event "6MCR_4D_2L_3S"]
[Site "?"]
[Date "2004.??.??"]
[Round "?"]
[White "Splichal, Josef"]
[Black "Paganik, Pavel"]
[Result "1-0"]
[WhiteElo "2210"]
[BlackElo "2047"]
[PlyCount "89"]
[EventDate "2004.??.??"]
[EventType "corr"]
[SourceDate "2004.06.03"]

1. e4 c6 2. d4 d5 3. exd5 cxd5 4. c3 Nc6 5. Nf3 g6 6. Bd3 Nh6 7. O-O Bf5 8. c4
Bxd3 9. Qxd3 dxc4 10. Qxc4 Rc8 11. Qb3 Nxd4 12. Nxd4 Qxd4 13. Na3 Qb6 14. Qa4+
Qc6 15. Qd4 f6 16. Be3 e5 17. Qxa7 Qa6 18. Rfc1 Rd8 19. Qxa6 bxa6 20. Bxh6 Bxh6
21. Rc6 Ke7 22. Rxa6 Rd4 23. Kf1 Rhd8 24. Ra7+ R8d7 25. Rxd7+ Kxd7 26. b3 Kc6
27. Nc4 Kb5 28. a4+ Kb4 29. a5 Rd7 30. a6 Ra7 31. Nd6 Bf8 32. Nc8 Ra8 33. a7
Bc5 34. Ke2 Bd4 35. Ra6 Kxb3 36. Nb6 Bxb6 37. Rxb6+ Kc4 38. Rb7 h5 39. h4 Kd4
40. Kf3 e4+ 41. Ke2 g5 42. Rb4+ Ke5 43. Ra4 gxh4 44. Ke3 Kf5 45. Ra3 1-0

[Event "6MCR_4D_2L_3S"]
[Site "?"]
[Date "2004.??.??"]
[Round "?"]
[White "Splichal, Josef"]
[Black "Privoznik, Lubos"]
[Result "0-1"]
[WhiteElo "2210"]
[BlackElo "2313"]
[PlyCount "88"]
[EventDate "2004.??.??"]
[EventType "corr"]
[SourceDate "2004.06.03"]

1. e4 e5 2. Nf3 Nc6 3. Bb5 Nf6 4. O-O Nxe4 5. d4 Nd6 6. Bxc6 dxc6 7. dxe5 Nf5
8. Qxd8+ Kxd8 9. b3 a5 10. c4 Be6 11. Nc3 Bb4 12. Bb2 Ke7 13. Rac1 Rhd8 14. Ne4
Ke8 15. Nfg5 Nd4 16. Nxe6 Nxe6 17. Rcd1 Be7 18. Bc3 a4 19. b4 Nf4 20. a3 c5 21.
b5 Ne2+ 22. Kh1 Nxc3 23. Nxc3 Rd4 24. Nd5 Rc8 25. Rc1 c6 26. bxc6 bxc6 27. Nb6
Rb8 28. Rb1 Rd3 29. Nxa4 Rxb1 30. Rxb1 Rxa3 31. Nb6 Kd8 32. Rd1+ Kc7 33. Nd7
Ra4 34. e6 fxe6 35. Ne5 Bf6 36. Nd7 Rxc4 37. Nf8 Re4 38. Nxh7 Be7 39. g3 Kb6
40. Kg2 c4 41. Rc1 Kc5 42. h4 Kb4 43. Kf3 Re5 44. Ng5 Bxg5 0-1

[Event "6MCR_4D_2L_3S"]
[Site "?"]
[Date "2004.??.??"]
[Round "?"]
[White "Splichal, Josef"]
[Black "Simunek, Jiri"]
[Result "1/2-1/2"]
[WhiteElo "2210"]
[BlackElo "2000"]
[PlyCount "68"]
[EventDate "2004.??.??"]
[EventType "corr"]
[SourceDate "2004.06.03"]

1. e4 e6 2. d4 d5 3. Nc3 Nf6 4. Bg5 dxe4 5. Nxe4 Be7 6. Bxf6 Bxf6 7. Nf3 O-O 8.
c3 Nd7 9. Bc4 e5 10. Nxf6+ Qxf6 11. O-O exd4 12. Qxd4 Qxd4 13. Nxd4 Nb6 14. Be2
Bd7 15. Bf3 c6 16. b3 Rad8 17. Rfe1 Rfe8 18. Kf1 g5 19. Rxe8+ Rxe8 20. Re1
Rxe1+ 21. Kxe1 f5 22. g3 Kf7 23. Bg2 Kf6 24. f4 g4 25. c4 Be6 26. Kd2 Nd7 27.
Nxe6 Kxe6 28. b4 c5 29. a3 b6 30. Kc2 a5 31. bxa5 bxa5 32. Kb2 a4 33. Kc3 Kd6
34. Kd3 Nf6 1/2-1/2

[Event "6MCR_4D_2L_4S"]
[Site "?"]
[Date "2004.??.??"]
[Round "?"]
[White "Bares, Jiri"]
[Black "Chvojka, Jaroslav"]
[Result "1-0"]
[WhiteElo "2226"]
[BlackElo "2131"]
[PlyCount "133"]
[EventDate "2004.??.??"]
[EventType "corr"]
[SourceDate "2004.06.03"]

1. d4 Nf6 2. c4 e6 3. Nc3 Bb4 4. a3 Bxc3+ 5. bxc3 d5 6. f3 O-O 7. cxd5 exd5 8.
e3 Nh5 9. Qc2 Re8 10. g4 Nf4 11. h4 c5 12. Kf2 Ne6 13. Bd3 Nf8 14. Ne2 c4 15.
Bf5 Bxf5 16. Qxf5 Nc6 17. h5 b5 18. g5 Ne7 19. Qg4 a5 20. e4 Qb6 21. Bd2 Qc6
22. Rhe1 Ne6 23. Nf4 Nc7 24. Kg2 b4 25. axb4 axb4 26. Rxa8 Rxa8 27. cxb4 c3 28.
Bc1 Ra2+ 29. Kh3 Ra8 30. h6 g6 31. Nd3 Qb5 32. Nc5 Rd8 33. Bf4 Ne8 34. Bh2 c2
35. exd5 Nxd5 36. Qe4 Nxb4 37. Kg2 Rc8 38. Bf4 Qc6 39. Qxc6 Nxc6 40. d5 Nd4 41.
Nb7 Nf5 42. Rc1 f6 43. d6 Nexd6 44. Nxd6 Nxd6 45. Bxd6 fxg5 46. Be7 g4 47. fxg4
Kf7 48. Bg5 Ke6 49. Ra1 Rc7 50. Bc1 Kd5 51. Kf3 Kc4 52. Kf4 Kd3 53. Ke5 Ke2 54.
Kf6 Rd7 55. Ra8 Rd1 56. Bg5 Rd6+ 57. Kg7 Rd7+ 58. Kg8 Kd1 59. Rc8 Rb7 60. Rf8
Ke2 61. Rf7 Rb5 62. Rxh7 Rxg5 63. Rc7 Kf3 64. h7 Ra5 65. Rxc2 Ra8+ 66. Kg7 g5
67. Rc4 1-0